01267nam a22002894n 4500003000900000008004100009020001800050040002500068041001900093080001000112100001600122245001900138250004500157264004400202300003800246336002700284337003300311338003100344520034800375521001300723650003800736650002600774700004100800942001400841999001300855952010900868AR-BaSMT230502b2021 aga|||ar|||| 00| 1 spa d a9789873681103 aBSGBbespañolerda0 aspahespañol a82-341 aCanela945913aEl sol de Otto aprimera edición, segunda reimpresión 1aBuenos AiresbLa brujita de papelc2021 a32 páginasbIlustraciones color 2rdacontentatextobtxt 2rdamediaasin mediaciónbn 2rda carrieravolúmenbnc1 aAquí, en el fondo del mar, donde vive Otto, el mundo es azul, muy oscuro. La anguila eléctrica que alumbra de vez en cuando, le contó que arriba, donde bailan las olas hay mucha luz y que el sol es el dueño de la luz. Desde entonces el pulpo tiene una pregunta que le hace cosquillas en la cabeza: ¿Cómo será el sol? uContratapa aJardín 798aLITERATURA INFANTILzArgentina 7923aCUENTOzArgentina1 aFernandez, LucianaeIlustradora9467 2udcaBOOK c628d628 00102ddc40aBSGBbBSGBcJardíneCompra Feria del Libro 2026i000871l0o82-34 CANp000871t1yBOOKf